Energy Harvesting by Bio-Inspired Inverted C- Cylinders / (Record no. 609204)

000 -LEADER
fixed length control field 01410nam a22001577a 4500
082 ## - DEWEY DECIMAL CLASSIFICATION NUMBER
Classification number 621
100 ## - MAIN ENTRY--PERSONAL NAME
Personal name Tanveer, Abdullah
245 ## - TITLE STATEMENT
Title Energy Harvesting by Bio-Inspired Inverted C- Cylinders /
Statement of responsibility, etc. Abdullah Tanveer
264 ## - PRODUCTION, PUBLICATION, DISTRIBUTION, MANUFACTURE, AND COPYRIGHT NOTICE
Place of production, publication, distribution, manufacture Islamabad :
Name of producer, publisher, distributor, manufacturer SMME- NUST;
Date of production, publication, distribution, manufacture, or copyright notice 2022.
300 ## - PHYSICAL DESCRIPTION
Extent 51p.
Other physical details Soft Copy
Dimensions 30cm
500 ## - GENERAL NOTE
General note In a uniform flow, the interaction of piezoelectric flag with bio inspired C shaped bluff bodies was examined. Based on vortex-induced vibration, the piezoelectric eel converts the kinetic energy of flowing water into electrical energy. The flapping behavior of a piezoelectric flag in the wake of a bluff body was studied in terms of stream wise gap between piezoelectric flag and bluff body. The experiments were carried out by placing a conventional piezoelectric flag in the wake of a bluff body in a low-speed water tunnel and varying the stream wise gap (Gx) behind a bio inspired inverted C shaped cylinder to see how the vortices produced by the bluff body affected the flapping amplitude, frequency, and voltage generated by the piezoelectric flags. The effect of different bluff bodies and varying streamwise gap on energy harvesting was observed and optimal results were obtained.
650 ## - SUBJECT ADDED ENTRY--TOPICAL TERM
Topical term or geographic name entry element MS Mechanical Engineering
700 ## - ADDED ENTRY--PERSONAL NAME
Personal name Supervisor : Dr. Emad Uddin
856 ## - ELECTRONIC LOCATION AND ACCESS
Uniform Resource Identifier <a href="http://10.250.8.41:8080/xmlui/handle/123456789/29536">http://10.250.8.41:8080/xmlui/handle/123456789/29536</a>
942 ## - ADDED ENTRY ELEMENTS (KOHA)
Source of classification or shelving scheme
Koha item type Thesis
Holdings
Withdrawn status Permanent Location Current Location Shelving location Date acquired Full call number Barcode Koha item type
  School of Mechanical & Manufacturing Engineering (SMME) School of Mechanical & Manufacturing Engineering (SMME) E-Books 05/21/2024 621 SMME-TH-703 Thesis
© 2023 Central Library, National University of Sciences and Technology. All Rights Reserved.